000 02348nam0a2200373 4500
001 RU\NLR\bibl\1212568
005 20260407181211.0
010 _a978-5-8285-0376-6
_9100
021 _aRU
_b2008-10631
_9585
035 _a(NLR Aleph) 001198977
090 _a1764613
_c1764613
100 _a20080410d2007 |||y0rusy50 ca
101 0 _arus
102 _aRU
105 _ay |||||||||
200 1 _aАктуальные проблемы теории и истории права и государства на современном этапе
_eсборник научных трудов
_e[V Межвузовская научно-практическая конференция
_fредкол.: пред. д.т.н., проф. Корабельников Р.В. и др.]
210 _aКострома
_cРедакционно-издательский отдел Костромского государственного технологического университета
_d2007
215 _a227 с.
_cил.
_d20
300 _aВ надзаг.: М-во образования и науки Рос. Федерации, Федер. агентство по образованию, Гос. образоват. учреждение высш. проф. образования "Костром. гос. технол. ун-т", Юрид. ин-т
320 _aБиблиогр. в конце докл.
606 1 _aПраво
_jСъезды, совещания и т.п.
_yРоссийская Федерация
_92070216
_3RU\NLR\auth\661244932
606 1 _aПраво
_jСъезды, совещания и т.п.
_xИстория
_yРоссия
_9983077
_3RU\NLR\auth\6652001
606 1 _aГосударство
_jСъезды, совещания и т.п.
_xИстория
_yРоссия
_92231503
_3RU\NLR\auth\661339363
686 _aХ62я431
686 _aХ2(2)я431
702 1 _aКорабельников
_bР. В.
_gРостислав Васильевич
_4340
712 0 2 _4570
_aКостромской государственный технологический университет
_bЮридический институт
_3RU\NLR\AUTH\8810115843
_9730965
801 0 _aRU
_bNLR
_c20080410
_gRCR
801 1 _aRU
_bNLR
_c20080410
830 _aред. по ГАК
942 _cBOOK
980 _aNB
980 _aNBR